Nano science / (رقم التسجيلة. 31313)

تفاصيل مارك
000 -الفاتح
حقل البيانات ثابتة الطول 00589nam a22002177a 4500
003 - محدد رقم الضبط
رقم الضبط OSt
005 - وقت وتاريخ اخر تعامل مع التسجيلة
رقم الضبط 20150408114143.0
008 - عناصر البيانات ثابتة الطول - معلومات عامة
حقل البيانات ثابتة الطول 130804s2013 ii a f b 011 0 engd
020 ## - الرقم الدولى المعيارى للكتب
الرقم الدولى المعيارى للكتاب 9789382226048
040 ## - مصدر الفهرسة
وكالة الفهرسة الأصلية Ma-Un
لغة الفهرسة eng
041 ## - رمز اللغة
رمز لغة النص/ المسارات الصوتية أو العنوان الانفرادي eng
082 04 - رقم تصنيف ديوى العشرى
رقم الطبعة 21
رقم التصنيف 620.5
رقم المادة MAN
100 1# - المدخل الرئيسى - إسم شخصى
الإسم الشخصى McMichael, Allan
9 (RLIN) 36370
245 10 - بيان العنوان
العنوان Nano science /
بيان المسئوليه,etc Allan McMichael.
260 ## - PUBLICATION, DISTRIBUTION, ETC. (IMPRINT)
مكان الناشر او الموزع New Delhi :
اسم الناشر او الموزع RandomExporte
تاريخ النشر أو التوزيع 2013
300 ## - الوصف المادى
التعداد 304 p. :
تفاصيل ماديه اخرى للوعاء ill ;
أبعاد الوعاء 24 cm.
500 ## - تبصرة عامة
تبصرة عامة Includes Index
504 ## - تبصرة ببليوجرافية
تبصرة ببليوجرافية,الخ Includes bibliographical references.
650 #4 - المدخل الاضافى بالموضوع-مصطلح موضوعى
مصطلح موضوعي أو اسم جغرافي كعنصر مدخل Nanotechnology
9 (RLIN) 36371
942 ## -
-- ddc
-- BOOK
999 ## -
-- 31313
-- 265813
المقتنيات
حالة الفقد نموذج السعر الفعال حالة تلف ليس للاعارة رقم الطلب رقم النسخة تاريخ الاكتساب Serial Enumeration / chronology الباركود الفرع الرئيسي Date last seen نوع المادة فى نظام كوها مصدر التصنيف او خطة الترفيف Total Checkouts Date last checked out
  2013-10-17   Not For Loan 620.5 MAN 1 2013-10-17 CL 00206977 المكتبة المركزية بالمجمعة (CL) 2013-10-17 كتاب Dewey Decimal Classification    
  2013-10-17     620.5 MAN 2 2013-10-17 CL 00206976 المكتبة المركزية بالمجمعة (CL) 2018-05-07 كتاب Dewey Decimal Classification 1 2017-11-30
  2013-10-17     620.5 MAN 3 2013-10-17 CL 00206975 المكتبة المركزية بالمجمعة (CL) 2013-10-17 كتاب Dewey Decimal Classification    
  2013-10-17   Not For Loan 620.5 MAN 1 2013-10-17 SZM 00206974 مكتبة مجمع الكليات بالزلفى - طلاب (SZM) 2013-10-17 كتاب Dewey Decimal Classification    
  2013-10-20     620.5 MAN 2 2013-10-20 SZM 00205831 مكتبة مجمع الكليات بالزلفى - طلاب (SZM) 2013-10-20 كتاب Dewey Decimal Classification